MARC

LEADER 00000nam0a2200000 4500
001 325024
005 20231102003725.0
035 |a (RuTPU)RU\TPU\book\350635 
090 |a 325024 
100 |a 20161126d1975 km y0rusy50 ca 
101 0 |a rus 
102 |a LV 
105 |a a z 001zy 
200 1 |a Полиэфиры щавелевой кислоты  |f Академия наук Латвийской ССР (АН ЛатССР), Институт химии древесины ; под ред. А. Ф. Алксниса 
210 |a Рига  |c Зинатне  |d 1975 
215 |a 233 с.  |c ил. 
320 |a Библиография в ссылках 
606 1 |a Полиэфиры  |x Химическая стойкость  |2 stltpush  |3 (RuTPU)RU\TPU\subj\50528  |9 69192 
610 1 |a щавелевая кислота 
610 1 |a получение 
610 1 |a свойства 
610 1 |a полиоксалаты 
610 1 |a термическая устойчивость 
610 1 |a пенополиуретаны 
610 1 |a олигоэфиры 
610 1 |a синтез 
675 |a 678.764  |v 4 
702 1 |a Алкснис  |b А. Ф.  |g Арнольд Фрицевич  |4 340 
712 0 2 |a Академия наук Латвийской ССР (АН ЛатССР)  |b Институт химии древесины  |2 stltpush  |3 (RuTPU)RU\TPU\col\10627 
801 1 |a RU  |b 63413507  |c 20161126 
801 2 |a RU  |b 63413507  |c 20200710  |g RCR 
942 |c BK